|
|
|
|
| LEADER |
00945naa a2200205 i 4500 |
| 001 |
acta89043 |
| 005 |
20251201144548.0 |
| 008 |
251201s2025 hu o 100 hun d |
| 040 |
|
|
|a SZTE Egyetemi Kiadványok Repozitórium
|b hun
|
| 041 |
|
|
|a hun
|
| 100 |
1 |
|
|a Dobi Boglárka
|
| 245 |
1 |
0 |
|a Boroszilikát aerogélek biokompatibilitásának vizsgálata emlős sejteken
|h [elektronikus dokumentum] :
|b [absztrakt] /
|c Dobi Boglárka
|
| 260 |
|
|
|a Szegedi Tudományegyetem Móra Ferenc Szakkollégium
|b Szeged
|c 2025
|
| 300 |
|
|
|a 32-33
|
| 490 |
0 |
|
|a Móra Kárpát-medencei Interdiszciplináris Szakkollégiumi Konferencia
|v 9
|
| 650 |
|
4 |
|a Természettudományok
|
| 650 |
|
4 |
|a Biológiai tudományok
|
| 695 |
|
|
|a Sejtbiológia - előadáskivonat
|
| 711 |
|
|
|a IX. Móra Kárpát-medencei Interdiszciplináris Szakkollégiumi Konferencia
|c Szeged
|d 2025. november 21-23.
|
| 856 |
4 |
0 |
|u http://acta.bibl.u-szeged.hu/89043/1/morakonf_2025_032-033.pdf
|z Dokumentum-elérés
|